000 00813nam a2200289 a 4500
003 AR-BaBNM
005 20251128204557.0
008 082120s2002 ||||||||||||||000 | spa||
020 _a950-9095-30-3
040 _cAR-BaBNM
100 1 _aPérez Alvarez, Sergio
245 0 0 _aTaller didáctico
_bnivel pre-primario
260 _aBuenos Aires
_bBraga
_c1991
300 _a203 p.
_bil., diagr.
504 _aBibliografía: p. 201-203
650 4 _aDIDACTICA
650 4 _aTALLERES [METODO PEDAGOGICO]
650 4 _aTALLERES ESCOLARES
650 4 _aTECNICAS DE ENSEÑANZA
650 4 _aSELECCION DE MATERIAL DIDACTICO
650 4 _aNIÑOS DE EDAD PREESCOLAR
650 4 _aJUEGOS EDUCATIVOS
653 _aEDUCACION INICIAL
653 _aNIÑOS DE JARDIN DE INFANTES
942 _cBK
998 _csilvi
999 _c7987
_d7987